| 000 | 00699nam a2200241 u 4500 | ||
|---|---|---|---|
| 005 | 20240925070108.0 | ||
| 008 | 080508s20020002 r 000 0 eng d | ||
| 020 | _a8478644237 | ||
| 035 | _aUPN01000155815 | ||
| 049 | _aI | ||
| 050 | 4 |
_aPZ71 _bS2.4 2002 |
|
| 100 | 1 |
_aSánchez, Mireia _936217 |
|
| 245 | 1 | 0 |
_aArriba del árbol / _cMireia Sánchez ; il. Pau Estrada. |
| 250 | _a2a ed. | ||
| 260 |
_aBarcelona, Esp. : _bCombel, _cc2002. |
||
| 300 |
_a22 p. : _bprincipalmente il. col. |
||
| 440 | 0 |
_aCaballo alado. _pAl paso |
|
| 650 | 4 |
_aLibros y lectura para niños _92290 |
|
| 650 | 4 |
_aCOMPAÑERISMO _910313 |
|
| 650 | 4 |
_aValores _9308 |
|
| 700 | 1 |
_aEstrada, Pau, _eil. |
|
| 905 | _aInfantil | ||
| 999 |
_c127929 _d127929 |
||